000 00920nam a2200265 i 4500
003 EG-GICUC
005 20260427063554.0
008 260427s1947 nz |fr|||| 000 0 eng d
040 _aEG-GiCUC
_beng
_cEG-GiCUC
_dEG-GiCUC
_erda
041 0 _aeng
082 0 4 _221
_a341.23
_bRE
092 0 4 _221
099 _aLaw1 11 341.23 RE 1947
245 0 0 _aReport on the Work of the Preliminary Conference of National Red Cross Societies for the study of the Conventions and of various Problems relative to the Red Cross.
264 1 _aGeneva :
_bInternational Committee Of The Red Cross,
_c1947.
300 _a143 pages,
_c24 cm
336 _2rda content
_atext
337 _2rda media
_aComputer
338 _2rda carrier
_aOnline Resource
546 _aText in English
650 1 4 _aPublic international law
856 4 0 _uhttps://fll.law.cu.edu.eg/fulltext/bks/B11-05180.pdf
905 _a48
942 _2ddc
_cBK
_e21
_n0
999 _c73514
_d73514